000 01233nam a22002417a 4500
003 NALT
005 20211115085836.0
008 s2543 th tha d
020 _a9748763625
040 _aNALT
041 _atha
090 _aว KD211.2
_bพ343ค 2543
110 0 _aสถาบันพระปกเกล้า
245 1 0 _aโครงการการปรับปรุงกระบวนการริเริ่ม การนำเสนอ การพิจารณาและการอนุมัติกฎหมายไทย : บทสรุปสำหรับผู้บริหาร
260 3 _aนนทบุรี :
_bสถาบันพระปกเกล้า,
_c2543
300 _a108 หน้า :
_bแผนภูมิ, ตาราง ;
_c 26, 30 ซม.
610 _aสถาบันพระปกเกล้า
650 0 4 _aการร่างกฎหมาย
650 0 4 _aกระบวนการนิติบัญญัติ -- วิจัย
650 0 4 _aกระบวนการนิติบัญญัติ -- วิจัยการร่างกฎหมาย
850 _aNALT
942 _cRSH
_2lcc
999 _c43656
_d43656
998 _j109
_k อารีรัตน์ วิชาช่าง